| 000 | 00632nam a2200241 a 4500 | ||
|---|---|---|---|
| 005 | 20210219153003.0 | ||
| 008 | 991125n 000 0 u | ||
| 035 | _aUPN01000071119 | ||
| 100 | 1 | _aLevy, Daniel C. | |
| 222 | _aHIGHER EDUCATION | ||
| 245 | _aThe decline of latin american student activism | ||
| 300 | _a145-156 | ||
| 362 | _a22, No. 2, 1991 | ||
| 505 | _aAbril 1992 | ||
| 653 | 0 | _aACTIVISMO | |
| 653 | 0 | _aCAMBIO EDUCATIVO | |
| 653 | 0 | _aESTUDIANTES EN EL COLEGIO | |
| 653 | 0 | _aHISTORIA LATINOAMERICANA | |
| 653 | 0 | _aLATINOAMERICANOS | |
| 653 | 0 | _aPOLITICOS | |
| 904 |
_aAC _b008930 |
||
| 905 | _aArticulo | ||
| 999 |
_c65569 _d65569 |
||